00378nam a2200145Ia 4500003000400000005001700004008004100021040000900062082001500071100002600086245006300112260003300175300000900208650001500217OSt20260416152737.0190216s9999||||xx |||||||||||||| ||und|| coclc a100bYAT/T aYati, Nitya Chaitanya 0aTatvamasi Tathwavum Anushtanavum /cNitya Chaitanya Yati  bD C Books,aKottayam:c2004. a182p aPhilosophy